Tourism and sustainable economic development : (Record no. 64531)

MARC details
000 -LEADER
fixed length control field 00545nam a22001577a 4500
005 - DATE AND TIME OF LATEST TRANSACTION
control field 20180722102951.0
020 ## - INTERNATIONAL STANDARD BOOK NUMBER
International Standard Book Number 817708092X
Terms of availability 780.00
035 ## - SYSTEM CONTROL NUMBER
System control number B-219850, B-219849
037 ## - SOURCE OF ACQUISITION
Stock number DPL
Source of stock number/acquisition ENG
245 ## - TITLE STATEMENT
Title Tourism and sustainable economic development :
Remainder of title Indian and global perspectives /
Statement of responsibility, etc edited by M. Sarngadharan and G. Raju
260 ## - PUBLICATION, DISTRIBUTION, ETC. (IMPRINT)
Place of publication, distribution, etc New Delhi
Name of publisher, distributor, etc New Century Publications
Date of publication, distribution, etc 2005
300 ## - PHYSICAL DESCRIPTION
Extent xvii, 375p.
Dimensions 22 cms.
700 ## - ADDED ENTRY--PERSONAL NAME
Personal name Sarngadharan, M.
9 (RLIN) 44551
700 ## - ADDED ENTRY--PERSONAL NAME
Personal name Raju, G.
9 (RLIN) 44552
942 ## - ADDED ENTRY ELEMENTS (KOHA)
Source of classification or shelving scheme Dewey Decimal Classification
Item type English Books
Classification part 338.4791
Call number suffix TOU
Holdings
Withdrawn status Lost status Not for loan Collection code Home library Current library Date acquired Cost, normal purchase price Full call number Barcode Cost, replacement price Koha item type Source of acquisition
      Non-fiction Patel Nagar Patel Nagar 22/07/2018 780.00 338.4791 TOU B-219849 780.00 English Books BPPD/Pub
      Non-fiction Sarojini Nagar Sarojini Nagar 29/03/2012 780.00 338.4791 TOU B-219850 780.00 English Books  

© Delhi Public Library
Hit Counter
free hit counter